000 00821nam a22002537a 4500
001 BR8108264
003 BR-BrBNA
005 20230928091146.0
007 ta
008 230509b bl.||||| |||| 00| 0 por d
040 _aBR-BrBNA
_bpor
_cBiblioteca Nacional de Agricultura
041 _a(Por)
072 _aE30
_b/G514
090 _ E30 BR8108264
110 1 _aMinisterio da Agricultura, Brasilia, DF (Brasil). Secretaria de Controle Operacional
_96825
245 1 _aRelatorio de desempenho do MINAGRI. Programacao: abril/80 - marco/81 programa de Desenvolvimento do Oeste do Parana PRODOPAR [Brasil]
260 3 _aBrasilia, DF (Brasil):
_c1981.
300 _a11 p.
650 _aAGRICULTURA
650 _aPROJETO DE DESENVOLVIMENTO
650 _aPARANA
909 _a202309
_bLucia
_c55
_dLucia Elande
942 _cBK
999 _c32541
_d32541